Pays ayant eu un empire colonial - Statistiques

Statistiques générales
  • Ce quiz a été pris 529 fois
    376 depuis la dernière actualisation
  • Le résultat moyen est 18 sur 22
Statistiques - réponses
Plus grande colonie Pays % Correct
Québec France
98%
Brésil Portugal
98%
Canada Royaume-Uni | Ecosse
98%
Libye Italie
96%
Kazakhstan Russie | URSS
96%
Mexique Espagne
94%
Congo Belgique
93%
Mongolie Chine
92%
Groenland Danemark
91%
Indonésie Pays bas
91%
Finlande Suède
91%
Tangayika Allemagne | Prusse
90%
Philippines États-Unis
88%
Arabie Empire Ottoman
82%
Occupation pendant la WW2 Japon
82%
Svalbard et Jan Mayen Norvège
78%
Papouasie-Nouvelle-Guinée Australie
74%
Namibie Afrique du sud
62%
Samoa Nouvelle-Zélande
54%
Iles Nicobar Autriche
48%
Tobago Courlande
48%
Sultanat de Zanzibar Oman
26%
Aucun quiz correspondant
Distribution des résultats
% des personnes avec chaque résultat
Percentile par nombre de réponses
Votre historique - résultats
Vous n’avez pas pris ce quiz depuis la dernière actualisation